Naatyaaswaad (Record no. 241484)
[ view plain ]
| 000 -LEADER | |
|---|---|
| fixed length control field | 01420nam a22002297a 4500 |
| 005 - DATE AND TIME OF LATEST TRANSACTION | |
| control field | 20260521153022.0 |
| 008 - FIXED-LENGTH DATA ELEMENTS--GENERAL INFORMATION | |
| fixed length control field | 260521b |||||||| |||| 00| 0 eng d |
| 020 ## - INTERNATIONAL STANDARD BOOK NUMBER | |
| International Standard Book Number | 9789354163500 |
| 040 ## - CATALOGING SOURCE | |
| Transcribing agency | AL |
| 041 ## - LANGUAGE CODE | |
| Language code of text/sound track or separate title | Konkani Devanagari |
| 082 ## - DEWEY DECIMAL CLASSIFICATION NUMBER | |
| Classification number | 891.46209 |
| Item number | SATN |
| 100 ## - MAIN ENTRY--PERSONAL NAME | |
| Personal name | Deepraj Satordekar |
| 100 ## - MAIN ENTRY--PERSONAL NAME | |
| 9 (RLIN) | 264233 |
| 100 ## - MAIN ENTRY--PERSONAL NAME | |
| 9 (RLIN) | 264229 |
| Dates associated with a name | दीपराज सतोर्डेकर |
| 245 ## - TITLE STATEMENT | |
| Title | Naatyaaswaad |
| Remainder of title | : नाट्यास्वाद |
| 260 ## - PUBLICATION, DISTRIBUTION, ETC. | |
| Place of publication, distribution, etc. | Goa |
| Name of publisher, distributor, etc. | Utpal Creations |
| Date of publication, distribution, etc. | 2024 |
| 300 ## - PHYSICAL DESCRIPTION | |
| Extent | 151p |
| Other physical details | PB |
| Dimensions | 21.5x14cm |
| 365 ## - TRADE PRICE | |
| Source of price type code | Konkani |
| Currency code | ₹ |
| Unit of pricing | ₹150.00 |
| Price effective from | 05-03-2026 |
| 520 ## - SUMMARY, ETC. | |
| Summary, etc. | दीपराज सारतोडकर (Deepraj Sartodkar) एक प्रसिद्ध भारतीय नाटककार और रंगमंच कलाकार हैं, जो मुख्य रूप से गोवा के सांस्कृतिक क्षेत्र में अपने योगदान के लिए जाने जाते हैं। वह 'नाट्यास्वाद' (Naatyaswaad) थिएटर ग्रुप से जुड़े हैं, जो उच्च स्तरीय नाटकों और राज्य स्तरीय प्रतियोगिताओं के लिए काम करता है। |
| 650 ## - SUBJECT ADDED ENTRY--TOPICAL TERM | |
| Topical term or geographic name entry element | Aaswaadan ani parikshan |
| 9 (RLIN) | 264230 |
| 650 ## - SUBJECT ADDED ENTRY--TOPICAL TERM | |
| Topical term or geographic name entry element | Hindi Drama Criticism |
| 9 (RLIN) | 264231 |
| 942 ## - ADDED ENTRY ELEMENTS (KOHA) | |
| Source of classification or shelving scheme | Dewey Decimal Classification |
| Koha item type | Book |
| Withdrawn status | Lost status | Source of classification or shelving scheme | Damaged status | Not for loan | Collection code | Home library | Current library | Shelving location | Date acquired | Cost, normal purchase price | Total Checkouts | Full call number | Barcode | Date last seen | Cost, replacement price | Price effective from | Koha item type |
|---|---|---|---|---|---|---|---|---|---|---|---|---|---|---|---|---|---|
| Dewey Decimal Classification | Konkani | St Aloysius Library | St Aloysius Library | Stack Section | 03/05/2026 | 150.00 | 891.46209 SATN | D06417 | 05/21/2026 | 150.00 | 05/21/2026 | Book |